000 00550nam a22001577a 4500
005 2011110309419.0
008 111103t xxu||||| |||| 00| 0 eng d
080 _a342.7
_bMLE
100 _aMlechin, Leonid
_917822
245 _aOnce again about human rights in the modern world
_cLeonid Mlechin;tr.by Lyudmila Tetskaya
300 _a80p.
653 _aHuman rights
_aStep children
_aManslaughter
942 _cBK
260 _aMoscow
_bNovosti
_c1990
_917823
952 _pG0009700
_40
_00
_bUL
_10
_o342.7 MLE
_d2011-11-03
_70
_cGEN
_2udc
_yBK
_aUL
999 _c73536
_d73535